Obálka Náhled e-knihy:
Epub
Pro půjčování e-knih musíte být přihlášeni.
Jak si půjčit online?

Nasraná máma. Nekorektní průvodce těhotenstvím od početí k porodu /

Humoristicky laděný deníček těhotné ženy, která ve svých zápiscích neváhá popsat oteklé kotníky, nevolností probdělá rána, včetně závěrečné porodní epizody.

Uloženo v:
Série:Nasraná máma, část 1
Hlavní autor: Maroušková, Tereza (Autor)
Médium: E-kniha
Jazyk:Czech
Vydáno: V Praze : BWT books, 2021
Vydání:1. vydání
Témata:
Příbuzné jednotky:Z cyklu:: Nasraná máma
Tagy:
Žádné tagy
LEADER 02492nam a2200589 i 4500
001 311866
003 CZ PrSKC
005 20260601215713.0
007 ta
008 210302s2021 xr a e 000 0acze
015 |a cnb003310499 
020 |a 9788090815001  |q (brožováno) 
035 |a (OCoLC)1260123085 
040 |a OLA001  |b cze  |e rda 
043 |a e-xr--- 
045 |a y1y1 
072 7 |a 618  |x Gynekologie. Porodnictví  |2 Konspekt 
072 7 |a 929  |x Biografie  |2 Konspekt 
080 |a 004.774.6-055.2  |2 MRF 
080 |a 316.346.2-055.26  |2 MRF 
080 |a 618.2/.3  |2 MRF 
080 |a 929  |2 MRF 
080 |a (437.3)  |2 MRF 
080 |a (0:82-94)  |2 MRF 
100 1 |a Maroušková, Tereza  |7 ola20211112821  |4 aut 
245 1 0 |a Nasraná máma.  |p Nekorektní průvodce těhotenstvím od početí k porodu /  |c autor: Tereza Maroušková 
246 3 0 |a Nekorektní průvodce těhotenstvím od početí k porodu 
250 |a 1. vydání 
264 1 |a V Praze :  |b BWT books,  |c 2021 
300 |a 189 stran :  |b ilustrace (některé barevné) ;  |c 20 cm 
336 |a text  |b txt  |2 rdacontent 
337 |a bez média  |b n  |2 rdamedia 
338 |a svazek  |b nc  |2 rdacarrier 
520 2 |a Humoristicky laděný deníček těhotné ženy, která ve svých zápiscích neváhá popsat oteklé kotníky, nevolností probdělá rána, včetně závěrečné porodní epizody. 
600 1 7 |a Maroušková, Tereza  |7 ola20211112821  |2 czenas 
648 7 |a 21. století  |7 ch460559  |2 czenas 
648 4 |a 2018-2019 
650 0 7 |a blogerky  |7 ph954050  |z Česko  |y 21. století  |2 czenas 
650 0 7 |a těhotné ženy  |7 ph254492  |z Česko  |y 21. století  |2 czenas 
650 0 7 |a těhotenství  |7 ph126830  |2 czenas 
650 0 9 |a women bloggers  |z Czechia  |y 21st century  |2 eczenas 
650 0 9 |a pregnant women  |z Czechia  |y 21st century  |2 eczenas 
650 0 9 |a pregnancy  |2 eczenas 
655 7 |a autobiografické vzpomínky  |7 fd131854  |2 czenas 
655 9 |a autobiographical reminiscences  |2 eczenas 
787 0 8 |i Z cyklu:  |t Nasraná máma  |g 1 
900 |a ABA001  |b 21 
928 9 |a BWT Bros - BWT books 
044 |a xr 
910 |a RBIT002 
998 |d 370103  |a https://core.palmknihy.cz/api/books/370103/cover?s6kqef  |b https://core.palmknihy.cz/api/books/370103/cover/400?s6kqef  |c https://core.palmknihy.cz/api/books/370103/cover/50?s6kqef  |e 2030-01-01  |g 189  |i 9788090815001  |j https://core.palmknihy.cz/api/books/370103/preview.epub  |l   |q 49  |r 1  |s https://www.palmknihy.cz/kniha/370103  |t ebook  |y 2023  |z 0  |v Nasraná máma  |w 1 
999 |d 311864